| 000 | 00000cam 2200000zi 4500 |
| 001 | 9.557577 |
| 003 | CaOODSP |
| 005 | 20210624171947 |
| 007 | cr ||||||||||| |
| 008 | 150406s2002||||xxc|||||o f|0| 0 eng d |
| 020 | |a0-660-18422-2 |
| 022 | |a1205-9153 |
| 040 | |aCaOODSP|beng |
| 043 | |an-cn--- |
| 086 | 1 |aCS11-0019/162E-PDF |
| 100 | 1 |aHeisz, Andrew, |eauthor. |
| 245 | 04|aThe evolution of job stability in Canada : |btrends and comparisons to U.S. results / |cby Andrew Heisz. |
| 260 | |aOttawa, Ontario : |bStatistics Canada, |cOctober 16, 2002. |
| 300 | |a1 online resource (46 pages) : |bgraphs, references, tables. |
| 336 | |atext|btxt|2rdacontent |
| 337 | |acomputer|bc|2rdamedia |
| 338 | |aonline resource|bcr|2rdacarrier |
| 490 | 1 |aAnalytical Studies Branch research paper series ; |x1205-9153|vNo. 162 |
| 590 | |a12-34-Supp|b2012-07-31 |
| 710 | 2 |aStatistics Canada, |eissuing body. |
| 775 | 08|tÉvolution de la stabilité d'emploi au Canada : |w(CaOODSP)9.590798 |
| 830 | #0|aResearch paper series (Statistics Canada. Analytical Studies Branch)|x1205-9153|vNo. 162|w(CaOODSP)9.504421 |
| 856 | 40|ahttp://publications.gc.ca|qPDF|s344 KB|uhttps://publications.gc.ca/collections/collection_2012/statcan/11f0019m/11f0019m2002162-eng.pdf|yNo. 162 |